00879nam a22001937a 4500003000900000008004100009040007100050082001500121100002400136245006800160260004800228300004200276505018500318650001600503650001500519650001400534700004900548710008800597AR-CdUCM190322b ||||| |||| 00| 0 spa d aMUNICIPALIDAD PROVINCIAL DEL CUSCOcBIBLIOTECA MUNICIPAL DEL CUSCO a575 /bK76 aKormondy, Edward J. aIntroducción a la Genética : bAutoenseñanza Programada / aMéxico :bHerrero Hermanos, Sucs ;c1974. a263 páginas ;bIlustraciones c23cm aContenido: Reproducción celular -- Fundamentos de genética mendeliana -- Determinación del sexo -- Pautas complejas de herencia -- Morfología y fisiología de los genes... aGenética  aCélulas  aHerencia  aVinós Cruz-López, Ricardo (traducción) aCentro Regional de Ayuda Técnica - Agencia para el Desarrollo Internacional (AID)